00792 2200277 4500001002100000005001500021035002500036020002200061040001700083082001400100084001600114100002900130245009600159250001100255260003000266300002500296650001900321700003200340850001200372090002000384090002200404999002200426007000300448008004100451990002200492INLIS00000000002027420200401090128 a0010-051600000000708 a978-979-294-984-1 aYOPDYOGbind04222a220.8 a220.8 BUR s1 aBurton, Valarieepenulis00aSuccessful women think differently /cpenulis, Valarie Burton ; penerjemah, Yakob Riskihadi aCet. 13 aYogyakarta :bAndi,c2015 a279 halaman ;c23 cm 4aAlkitab-Wanita0 aYakob Riskihadiepenerjemah aYOPDYOG aDEP 220.8 BUR s aCB-D.11 2015-1736 aCB-D.11/2015-1736ta160524s2015 yoi g | ind d aCB-D.11/2015-1736